অমর একুশে ও আন্তর্জাতিক মাতৃভাষা দিবস : কিছু প্রসঙ্গ / (Record no. 3384)
[ view plain ]
| 000 -LEADER | |
|---|---|
| fixed length control field | 00789nam a2200217 a 4500 |
| 001 - CONTROL NUMBER | |
| JCCL Control Number | 3384 |
| 003 - CONTROL NUMBER IDENTIFIER | |
| JCCL marc code | BD-JhCC |
| 005 - DATE AND TIME OF LATEST TRANSACTION | |
| control field | 20171113132810.0 |
| 008 - FIXED-LENGTH DATA ELEMENTS--GENERAL INFORMATION | |
| fixed length control field | 171113s2004 bg |||| |||| 000 0 ben d |
| 035 ## - SYSTEM CONTROL NUMBER | |
| system control number | (BD-JhCC) 3384 |
| 040 ## - CATALOGING SOURCE | |
| Original cataloging agency | BD-JhCC |
| Modifying agency | BD-JhCC |
| 041 ## - LANGUAGE CODE | |
| Language code of Book | ben |
| 082 ## - DEWEY DECIMAL CLASSIFICATION NUMBER | |
| Classification number | 320.014 |
| Author mark and Year | HUS 2004 |
| 100 ## - MAIN ENTRY--PERSONAL NAME | |
| Personal name | সৈয়দ আনোয়ার হোসেন |
| 245 ## - TITLE STATEMENT | |
| Title | অমর একুশে ও আন্তর্জাতিক মাতৃভাষা দিবস : কিছু প্রসঙ্গ / |
| Statement of responsibility, etc | হোসেন, সৈয়দ আনোয়ার |
| 260 ## - PUBLICATION, DISTRIBUTION, ETC. (IMPRINT) | |
| Place of publication, distribution, etc | ঢাকা : |
| Name of publisher, distributor, etc | শ্রাবন, |
| Date of publication, distribution, etc | ২০০৪. |
| 300 ## - PHYSICAL DESCRIPTION | |
| Pagination | ৫২ পৃ. : |
| Dimensions | ২১ সেমি. |
| 650 ## - SUBJECT ADDED ENTRY--TOPICAL TERM | |
| Topical term or geographic name as entry element | International Mother language |
| 942 ## - ADDED ENTRY ELEMENTS (KOHA) | |
| Source of classification or shelving scheme | Dewey Decimal Classification |
| Koha item type | Books |
| Source of classification or shelving scheme | Damaged status | Not for loan | Home library | Current library | Shelving location | Date of accession | Source of acquisition | Cost, normal purchase price | Total Checkouts | Full call number | Barcode | Date last seen | Copy number | Koha item type |
|---|---|---|---|---|---|---|---|---|---|---|---|---|---|---|
| Dewey Decimal Classification | JCC Rouf Library | JCC Rouf Library | General Stacks | 11/13/2017 | 10th Intake | 60.00 | 320.014 HUS 2004 | 3953 | 11/13/2017 | C-1 | Books |